Investitionsvertrage im internationalen Wirtschaftsrecht

Guardat en:
Dades bibliogràfiques
Autor principal: Schanze, Erich (Autor)
Format: Llibre
Idioma:alemany
Publicat: Frankfurt am Main Alfred Metzner 1986
Col·lecció:Studien zum internationalen Rohstoffrecht, 9
Matèries:
Etiquetes: Afegir etiqueta
Sense etiquetes, Sigues el primer a etiquetar aquest registre!

MARC

LEADER 00000nam a2200000 a 4500
001 UCY5119
003 CL-VaPUC
008 950412e19860000GW |||||||||||||||||ger|d
082 0 4 |a 343.08  |b SCH  |2 21 
100 0 |a Schanze, Erich  |e author  |9 333741 
245 1 0 |a Investitionsvertrage im internationalen Wirtschaftsrecht 
300 |a 305 p 
942 |c BK 
945 |d 19950412 00:00:00  |a aalvarez 
260 |a Frankfurt am Main  |b Alfred Metzner  |c 1986 
650 0 |a Derecho económico   |9 259197 
650 0 |a Derecho internacional  |9 255637 
583 |a last modification  |c 19950412 00:00:00  |k Rodrigo Vera 
490 0 |a Studien zum internationalen Rohstoffrecht, 9 
999 |c 232836  |d 232834 
952 |0 0  |1 0  |4 0  |6 343_080000000000000_SCH_1986  |7 0  |8 A  |9 237755  |a BIBDER  |b BIBDER  |d 2019-11-18  |i 3075664  |o 343.08 SCH 1986  |p 3075664  |r 2023-01-25  |w 2019-11-18  |y BK  |k DER